Polska - Karta Kraju - Statystyki

Ogólne statystyki
  • Ten quiz został rozwiązany 135 razy
    74 od ostatniego zresetowania
  • Średni wynik to 22 z 26
Statystyki odpowiedzi
Hint Odpowiedź % Poprawnych
Stolica Warszawa
100%
5 największych miast(Ludność) Warszawa
100%
Prezydent (2024) Andrzej Duda
98%
Język Polski
98%
5 największych miast(Ludność) Kraków
96%
Kraj Sąsiadujący Niemcy
95%
Najdłuższa rzeka Wisła
95%
Kraj Sąsiadujący Czechy
93%
Kraj Sąsiadujący Litwa
93%
Kraj sąsiadujący Rosja
93%
Kraj Sąsiadujący Słowacja
93%
Kraj Sąsiadujący Ukraina
93%
Kontynent Europa
91%
Tytuł Hymnu Mazurek Dąbrowskiego
91%
5 największych miast(Ludność) Wrocław
91%
Kraj Sąsiadujący Białoruś
89%
Pełna (oficjalna) nazwa Rzeczpospolita Polska
89%
5 największych miast(Ludność) Poznań
87%
Najwyższy łańcuch Górski Tatry
82%
5 najwiekszych miast(Ludność) Łódź
80%
Religia Katolicyzm
78%
Najwyższy szczyt Rysy
78%
Ludność (w milionach) 38
71%
Największe Jezioro Śniardwy
71%
Powierzchnia(W tysiącach km²) 313
27%
Waluta Złoty
0%
Nie znaleziono quizów pasujących do podanych kryteriów
Rozkład punktacji
Procent ludzi z każdym wynikiem
Percentyl według liczby udzielonych odpowiedzi
Twoja historia wyników
Nie rozwiązałeś tego quizu od ostatniego zresetowania